La Reintegración del Movimiento Revolucionario /
Guardado en:
| Autor principal: | |
|---|---|
| Formato: | Texto |
| Materias: | |
| Etiquetas: |
Agregar Etiqueta
Sin Etiquetas, Sea el primero en etiquetar este registro!
|
MARC
| LEADER | 00000 a a2200000 04500 | ||
|---|---|---|---|
| 001 | 15726 | ||
| 003 | |||
| 040 | |||
| 100 | |a Herra C, Miguel Angel | ||
| 245 | |a La Reintegración del Movimiento Revolucionario / |c Miguel Angel Herra C | ||
| 650 | |a DICTADURA | ||
| 650 | |a CRISIS POLITICA | ||
| 650 | |a MOVIMIENTOS DE LIBERACION NACIONAL | ||
| 650 | |a MOVIMIENTOS SOCIALES | ||
| 650 | |a ORGANIZACIONES JUVENILES | ||
| 650 | |a MOVIMIENTOS ESTUDIANTILES | ||
| 650 | |a REPRESION | ||
| 773 | |g volumen 1, número 1; páginas 131-145 | ||
| 999 | |c 36503 |d 36503 | ||
